Erleichterte Lateinische Grammatica : oder, Kurze, doch zulängliche Anweisung zu der lateinischen Sprache, um mehrern Nutzens willen bey der Jugend teutsch abgefasst, mit eingemengten nützlichen Anmerckungen, so von denen gemeinen Grammaticis übergangen werden /

Hlavní autor: Cellarius, Christoph, 1638-1707
Další autoři: Gesner, Johann Matthias, 1691-1761
Jazyk: Němčina
Latina
Vydáno: Merseburg : i. V. Christian Ludwig Forberger, 1756
Témata:
Fyzický popis: [22], 150 s. ; 8°
Language note: Německý a latinský text
Knihy
Uloženo v:
LEADER 01430nam a22003377a 4500
001 mzk03001087978
003 CZ BrMZK
005 20110606143212.0
007 ta
008 110525s1756 gw fr|||||00| ||gerod
040 |a BOA001  |b cze  |c BOA001 
041 0 |a ger  |a lat 
072 7 |a 094  |x Staré tisky  |2 Konspekt  |9 12 
080 |a (0.068)094  |2 MRF 
100 1 |a Cellarius, Christoph,  |d 1638-1707  |7 xx0079484  |4 aut 
245 1 0 |a Erleichterte Lateinische Grammatica :  |b oder, Kurze, doch zulängliche Anweisung zu der lateinischen Sprache, um mehrern Nutzens willen bey der Jugend teutsch abgefasst, mit eingemengten nützlichen Anmerckungen, so von denen gemeinen Grammaticis übergangen werden /  |c von Christophorus Cellarius ; vermehret von Johann Matthias Gesner 
260 |a Merseburg :  |b i. V. Christian Ludwig Forberger,  |c 1756 
300 |a [22], 150 s. ;  |c 8° 
501 |a Přívazek k: Latinitatis probatae et exercitatae Liber Memorialis / Christophorus Cellarius 
510 3 |a www(WorldCat) 
546 |a Německý a latinský text 
655 7 |a staré tisky  |7 fd422076  |2 czenas 
700 1 |a Gesner, Johann Matthias,  |d 1691-1761  |7 ola2006345280  |4 aut 
903 |a RP 
910 |a ZNE450  |b ZD-16.V/2.16,přív. 
978 |b Forberger, Christian Ludwig  |a Merseburg  |c 1756 
984 |a Merseburg  |b Německo 
985 |a 1751-1800 
990 |a BK 
991 |k znojmo 
994 |a UP  |l MZK03  |b 001087977  |m přívazek  |n záznam 1. díla